1160 1247 1121 1324 1437 1686 1772 1601 1238 1107 1494 1476 1053 1419 1306 1146 1717 1406 1483 1309 1371 1356 1527 1810 1101 1980 1354 1607 1760 1431 1876 1532 1971 1431 1668 1374 1736 1181 1688 1028 1908 1383 1462 1670 1016 1287 1679 1484 1757 1102 1655 1464 1206 1654 1636 1683 1690 1806 1057 1373 1577 1966 1479 1905 1365 1661 1484 1411 1770 1585 1747 1950 1334 1588 1231 1465 1622 1064 1882 1337 1977 1266 1122 1150 1742 1298 1002 1925 1002 1728 1474 1042 1624 1196 1076 1752 1532 1514 1695 BCNSPRNW ULIB Ver.6.0+V

เปลี่ยนเป็นภาษาไทย

Change to English
 แสดงรายละเอียดบรรณานุกรม
  กลับหน้าหลัก

Brief Record : Get Marc (ISO 2709) : E-mail record : QR code < ปิดหน้าต่าง
LEADER : 00000nam 2200000uu 4500
001    13399121744
003     ULIB
008    121129s2546||||th 000 0 tha d
060 04 ^aWC503^bส691ก
245 00 ^aคู่มือการให้การปรึกษาเพื่อการดูแลผู้ติดเชื้อเอชไอวีและผู้ป่วยเอดส์ที่ได้รับยาต้านไวรัส/^cจัดทำโดย กระทรวงสาธารณสุข
300    นนทบุรี :^bกระทรวงสาธารณสุข.,^c2546
650  4 ^aกลุ่มอาการภูมิคุ้มกันเสื่อม^xการให้คำปรึกษา
650  4 ^aเอดส์^xการให้คำปรึกษา
650  4 ^aเอดส์^xการตรวจหา^vคู่มือ
700 0  ^aอาคม วัฒนกุล
710 2  ^aสำนักพัฒนาสุขภาพจิต.^bกรมสุขภาพจิต
945    ^p0^l0^i13583
945    ^p0^l0^i13580
995    ^aทศพร
999    ^aกัณชพร
รายการนี้ยังไม่มีแท็ก
คุณยังไม่ได้ล็อกอิน คุณสามารถมีกิจกรรมร่วมกับเว็บไซต์ได้ แต่ต้องล็อกอินก่อน ::
  ล็อกอิน

รายการสื่อสารสนเทศ

ลำดับที่ ประเภท เลขเรียก/บาร์โค้ด สถานที่ สถานะ
1. วิทยาศาสตร์การแพทย์ และสุขภาพ
วิทยาศาสตร์การแพทย์ และสุขภาพ
WC503 ส691ก ฉ.1 
  Barcode: 13583
ห้องสมุดวิทยาเขตสวรรค์ประชารักษ์
►หนังสือทั่วไป
บนชั้น
2. วิทยาศาสตร์การแพทย์ และสุขภาพ
วิทยาศาสตร์การแพทย์ และสุขภาพ
WC503 ส691ก ฉ.4 
  Barcode: 13580
ห้องสมุดวิทยาเขตสวรรค์ประชารักษ์
►หนังสือทั่วไป
บนชั้น

BibComment


ยังไม่เคยถูกคอมเมนท์

คอมเมนท์ทรัพยากรรายการนี้
  คอมเมนท์: คู่มือการให้การป..


 Copyright 2026. Bcnsprnw @Library